000 00250nam a22001217a 4500
008 170131b xxu||||| |||| 00| 0 eng d
041 _aeng
080 _a61
100 _a3
101 _aSHMI
245 _aHEALTH PEOPLE
_cMASON. J.O
942 _2udc
_cBK
999 _c4114
_d4114